Statistics for Zoology by Letter - S

Click here to take the quiz!

General Stats

  • This quiz has been taken 85 times
  • The average score is 10 of 18

Answer Stats

HintAnswer% Correct
Habitat of lions, giraffes, zebras...Savanna
94%
Common name for the order SerpentesSnakes
89%
Fish that returns to the river it was born to spawnSalmon
86%
Predatory fish with cartilage instead of boneShark
86%
Invertebrates lack this structureSpine
85%
Behavior exhibited by locusts, wasps, etc.Swarming
77%
Group of organisms that can produce fertile offspring togetherSpecies
62%
Aquatic animal known from NickelodeonSponge
62%
Poisonous amphibianSalamander
58%
aka Saber-toothed tigerSmilodon
45%
Generic term for molluscs and crustaceansShellfish
41%
Relationship between two different species of animalSymbiosis
38%
Spider organ that makes silkSpinneret
36%
Reptiles and butterflies both have theseScales
33%
Process where one species diverges into multipleSpeciation
32%
Taxon commonly described as "stem mammals"Synapsids
20%
Taxon containing reptiles, dinosaurs, and birdsSauropsida
11%
Theory that female animals choose mates that will give them attractive male offspring{Sexy son} hypothesis
3%

Score Distribution

Percentile by Number Answered

Percent of People with Each Score

Your Score History

You have not taken this quiz